000 00339 a2200157 4500
001 57205
020 _a8516035328
040 _cAnchieta - Pituba
100 _aPellegrini Junior, Domingos
240 1 0 _aÁgua luminosa
_lpor
245 1 0 _aÁgua luminosa
300 _a80
362 0 _a2003
650 4 _aLiteratura juvenil
942 _cBK
999 _c57205
_d57205